[Event "FRA AJEC/5162 corr"]
[Site "France"]
[Date "2002.??.??"]
[Round "?"]
[White "Decarsin, Luc"]
[Black "Lamy, Loic"]
[Result "0-1"]
[WhiteElo "1954"]
[BlackElo "2010"]
[PlyCount "36"]
[EventDate "2002.03.??"]
[EventType "tourn"]
[EventRounds "8"]
[EventCountry "FRA"]
[SourceTitle "Corr 2004"]
[Source "ChessBase"]
[SourceDate "2003.04.28"]
[SourceVersion "3"]
[SourceVersionDate "2003.04.28"]
[SourceQuality "1"]

1. e4 e6 2. d4 d5 3. e5 c5 4. c3 Nc6 5. a3 Qb6 6. Nf3 Nh6 7. b4 cxd4 8. Bxh6 gxh6 9. cxd4 Bd7 10. Nc3 Nxb4 11. axb4 Bxb4 12. Qc1 Rc8 13. Ra3 Be7 14. Kd2 Qb4 15. Ra2 Bg5+ 16. Nxg5 Qxd4+ 17. Bd3 Qxf2+ 18. Kd1 Qd4 0-1

[Event "FRA AJEC/5162 corr"]
[Site "France"]
[Date "2002.??.??"]
[Round "?"]
[White "Decarsin, Luc"]
[Black "Lorin, Fabrice"]
[Result "1-0"]
[WhiteElo "1954"]
[BlackElo "2020"]
[PlyCount "46"]
[EventDate "2002.03.??"]
[EventType "tourn"]
[EventRounds "8"]
[EventCountry "FRA"]
[SourceTitle "Corr 2004"]
[Source "ChessBase"]
[SourceDate "2003.04.28"]
[SourceVersion "3"]
[SourceVersionDate "2003.04.28"]
[SourceQuality "1"]

1. e4 c5 2. f4 d5 3. exd5 Nf6 4. Bb5+ Bd7 5. Bxd7+ Qxd7 6. c4 e6 7. Qe2 Bd6 8. f5 0-0 9. fxe6 fxe6 10. dxe6 Qe8 11. Nc3 Nc6 12. Nf3 Qh5 13. Nb5 Bg3+ 14. Kd1 Rae8 15. Rf1 Bb8 16. d3 Ng4 17. h3 Nge5 18. Ne1 Qxe2+ 19. Kxe2 Rxf1 20. Kxf1 Rxe6 21. Bg5 Nb4 22. Bh4 a6 23. Nf3 axb5 1-0

[Event "FRA AJEC/5162 corr"]
[Site "France"]
[Date "2002.??.??"]
[Round "?"]
[White "Lorin, Fabrice"]
[Black "Decarsin, Luc"]
[Result "0-1"]
[WhiteElo "2020"]
[BlackElo "1954"]
[PlyCount "42"]
[EventDate "2002.03.??"]
[EventType "tourn"]
[EventRounds "8"]
[EventCountry "FRA"]
[SourceTitle "Corr 2004"]
[Source "ChessBase"]
[SourceDate "2003.04.28"]
[SourceVersion "3"]
[SourceVersionDate "2003.04.28"]
[SourceQuality "1"]

1. e4 e5 2. Nf3 Nc6 3. Bc4 Bc5 4. c3 Nf6 5. d4 exd4 6. cxd4 Bb4+ 7. Nc3 Nxe4 8. 0-0 Bxc3 9. d5 Bf6 10. Re1 Ne7 11. Rxe4 d6 12. g4 h6 13. h4 c6 14. dxc6 bxc6 15. g5 hxg5 16. hxg5 Bf5 17. Rh4 Rxh4 18. Nxh4 Be5 19. Nxf5 Nxf5 20. Qh5 g6 21. Qh7 d5 0-1

[Event "IECC CL5-2001.05"]
[Site "IECC email"]
[Date "2001.02.10"]
[Round "?"]
[White "Decarsin, Luc"]
[Black "Jasinski, Jim"]
[Result "1-0"]
[WhiteElo "1526"]
[BlackElo "1533"]
[PlyCount "71"]
[EventDate "2001.??.??"]
[EventType "tourn (corr)"]
[EventRounds "4"]
[SourceTitle "Corr 2008"]
[Source "ChessBase"]
[SourceDate "2008.06.24"]
[SourceVersion "1"]
[SourceVersionDate "2008.06.24"]
[SourceQuality "1"]

1. e4 d5 2. exd5 Qxd5 3. Nc3 Qa5 4. d4 Nf6 5. Bc4 Bg4 6. f3 Bf5 7. Nge2 e6 8. Bd2 Qb6 9. 0-0 Bd6 10. Nb5 Be7 11. Bf4 Na6 12. Re1 Nd5 13. Bxd5 exd5 14. a4 Be6 15. Be5 0-0 16. Nf4 c6 17. Nxe6 fxe6 18. Nd6 c5 19. Nb5 Bh4 20. Re3 Bf6 21. c3 cxd4 22. Bxd4 Bxd4 23. Qxd4 Rf6 24. Qxb6 axb6 25. h4 Kf7 26. b4 h6 27. g4 Ke7 28. Rae1 Kd7 29. g5 hxg5 30. hxg5 Rg6 31. Kf2 Rc8 32. f4 Nc7 33. Nd4 Rf8 34. Kg3 Ne8 35. Nf3 Kd6 36. Ne5 1-0

[Event "IECC CL5-2001.05"]
[Site "IECC email"]
[Date "2001.02.10"]
[Round "?"]
[White "Vlaar, Nick T"]
[Black "Decarsin, Luc"]
[Result "0-1"]
[WhiteElo "1506"]
[BlackElo "1500"]
[PlyCount "28"]
[EventDate "2001.??.??"]
[EventType "tourn (corr)"]
[EventRounds "4"]
[SourceTitle "Corr 2008"]
[Source "ChessBase"]
[SourceDate "2008.06.24"]
[SourceVersion "1"]
[SourceVersionDate "2008.06.24"]
[SourceQuality "1"]

1. e4 e5 2. Nf3 Nc6 3. Nc3 Nf6 4. Bc4 Bc5 5. d3 h6 6. 0-0 a6 7. a3 d6 8. h3 g5 9. Be3 g4 10. hxg4 Bxg4 11. Re1 Nd4 12. b4 Bxf3 13. gxf3 Nh5 14. bxc5 Rg8+ 0-1